Eastern Utah Libraries Catalog: Duchesne, Heber, Roosevelt, & Vernal

Iceland / (Record no. 308865)

MARC details
000 -LEADER
fixed length control field 02354cam a2200445Mi 4500
001 - CONTROL NUMBER
control field on1033583121
003 - CONTROL NUMBER IDENTIFIER
control field OCoLC
005 - DATE AND TIME OF LATEST TRANSACTION
control field 20200320211650.0
008 - FIXED-LENGTH DATA ELEMENTS--GENERAL INFORMATION
fixed length control field 170814s2018 cauab 001 0 eng d
020 ## - INTERNATIONAL STANDARD BOOK NUMBER
International Standard Book Number 9781631218132
Qualifying information (paperback)
020 ## - INTERNATIONAL STANDARD BOOK NUMBER
International Standard Book Number 1631218131
Qualifying information (paperback)
020 ## - INTERNATIONAL STANDARD BOOK NUMBER
Terms of availability 19.99
035 ## - SYSTEM CONTROL NUMBER
System control number (OCoLC)1033583121
040 ## - CATALOGING SOURCE
Original cataloging agency NZAUC
Language of cataloging eng
Transcribing agency NZAUC
Modifying agency OCLCO
-- WACOL
049 ## - LOCAL HOLDINGS (OCLC)
Holding library WACL
082 04 - DEWEY DECIMAL CLASSIFICATION NUMBER
Classification number 914.912
Edition number 23
092 ## - LOCALLY ASSIGNED DEWEY CALL NUMBER (OCLC)
Classification number 914.912
Item number Ste
100 1# - MAIN ENTRY--PERSONAL NAME
Personal name Steves, Rick,
Dates associated with a name 1955-
Relator term author.
9 (RLIN) 13933
245 10 - TITLE STATEMENT
Title Iceland /
Statement of responsibility, etc Rick Steves & Ian Watson with Cameron Hewitt.
246 3# - VARYING FORM OF TITLE
Display text At head of title:
Title proper/short title Rick Steves
250 ## - EDITION STATEMENT
Edition statement First edition.
264 #1 - Production, Publication, Distribution, Manufacture, and Copyright Notice.
Place of production, publication, distribution, manufacture [Berkeley, CA] :
Name of producer, publisher, distributor, manufacturer Avalon Travel,
Date of production, publication, distribution, manufacture, or copyr 2018.
300 ## - PHYSICAL DESCRIPTION
Extent 447 pages :
Other physical details illustrations (some color), maps (some color) ;
Dimensions 21 cm
336 ## - Content Type
Content type term text
336 ## - Content Type
Content type term still image
336 ## - Content Type
Content type term cartographic image
337 ## - Media type
Media type term unmediated
338 ## - Carrier type
Carrier type term volume
500 ## - GENERAL NOTE
General note Includes indexes.
505 0# - FORMATTED CONTENTS NOTE
Formatted contents note Iceland -- Icelandic experiences -- Reykjavik -- Near Reykjavik -- The ring road -- Iceland with children -- Iceland: past & present -- Practicalities -- Appendix.
520 ## - SUMMARY, ETC.
Summary, etc "The northern lights and the midnight sun. Vast glaciers, fiery volcanoes, and thundering waterfalls. The Golden Circle, Reykjavik, and the Blue Lagoon ... Iceland has all that and more. In this thorough guide, Rick Steves makes it easy to experience it all: Craft an itinerary based on your interests, budget, and time; Follow mile-by-mile driving tours of Iceland's dramatic terrain; Sightsee smartly, choosing from a full range of activities and experiences; Rely on Rick's candid, humorous advice to avoid tourist traps and wrong turns; Treat your taste buds to local cuisine; Meet friendly locals and connect with the culture. With Rick on your side, Iceland can be yours!"--Provided by publisher.
651 #0 - SUBJECT ADDED ENTRY--GEOGRAPHIC NAME
Geographic name Iceland
Form subdivision Guidebooks.
9 (RLIN) 5970202
655 #7 - INDEX TERM--GENRE/FORM
Genre/form data or focus term Guidebooks.
Source of term lcgft
9 (RLIN) 5689508
700 1# - ADDED ENTRY--PERSONAL NAME
Personal name Watson, Ian
Fuller form of name (Ian Michael),
Dates associated with a name 1970-
Relator term author.
9 (RLIN) 5970203
700 1# - ADDED ENTRY--PERSONAL NAME
Personal name Hewitt, Cameron,
Relator term author.
9 (RLIN) 5970204
942 ## - ADDED ENTRY ELEMENTS (KOHA)
Koha item type BOOK
948 ## - LOCAL PROCESSING INFORMATION (OCLC); SERIES PART DESIGNATOR (RLIN)
Series part designator, SPT (RLIN) 05/23/2018
z (OCLC) Sirsi
994 ## -
-- C0
-- WACOL
996 ## -
-- 149749
-- 34301001551714
-- NF
-- bk
-- wcl
-- i
-- 6
-- 19.99
-- amazon
-- 914.912 Ste
-- 05/23/2018
-- 01/22/2020
-- 01/02/2020
Holdings
Withdrawn status Lost status Source of classification or shelving scheme Damaged status Not for loan Collection code Home library Current library Shelving location Date acquired Source of acquisition Cost, normal purchase price Total Checkouts Total Renewals Full call number Barcode Date last seen Date checked out Cost, replacement price Price effective from Koha item type
    Dewey Decimal Classification     General NonFiction Wasatch County Library Wasatch County Library Second Floor 05/23/2018 Amazon 19.99 15 11 914.912 Ste 34301001551714 03/10/2026 04/28/2025 19.99 03/20/2020 BOOK
This project was made possible through a grant from the Institute of Museum and Library Service administered by the Utah State Library Division.

Wasatch County Library

  • 465 East 1200 South, Heber City, Utah 84032
  • Phone 435-654-1511 | Fax 435-654-6456

Hours

  • Monday - Friday 9:30 AM - 8:00 PM
  • Saturday 9:30 AM - 1:30 PM
  • Closed Sundays and Holidays